| 000 | 00428pab a2200109 454500 | ||
|---|---|---|---|
| 008 | 180718b xxu||||| |||| 00| 0 eng d | ||
| 100 | _aMuttagi, P.K | ||
| 245 | _aTraining personnel of the local government in developing countreis: a comprehensive approach | ||
| 650 | _aTraining - Personnel, Municipal - Developing Countries | ||
| 773 | _aQuarterly Journal of the All-India Institute of Local Self-Government, Bombay | ||
| 909 | _a21421 | ||
| 999 |
_c21421 _d21421 |
||